00566nam a22001697a 4500020001800000082001100018100001300029245004700042260002400089300000800113500007600121520011300197650002200310650001900332650002800351700001700379 a0-8493-7443-X a631.45 aR.Lal,ed aMethods For Assessment Of Soil Degradation aNew YorkbCRCc1998 a558 aSoil Degradation Soil Crusting Soil Restoration Advance in Soil Science aThis book aims to standardize the methodology for obtaining reliable and objective data on soil degradation. aSoil Degradation  aSoil Crusting aAdvance in Soil Science aW.H. Blum,ed